00527 a2200109 4500001001000000005001700010008004100027245023400068100002200302773007600324999001700400ART_6255720260410161612.0260409a 10aAlgunas diferencias y similitudes entre la norma unificada argentina de contabilidad (NUA) y las normas internaciones de información financiera (NIIF). Impuesto corrientes y diferidos en escenarios inflacionarios: puntos claves1 aZgaib, Alfredo O.0 tProfesional & Empresariag- Año XXVI, Nº 302 (mar./abr. 2025)wREV70 c10696d10696